Pal·las : diccionari català - castellà - francès : amb vocabularis castellà - català i francès - català / per E. Vallès diccionari català - castellà - francès :
Descripción Física:
1296 p. ; 25 cm
MARC
| LEADER | 00000nam a2200000Ia 4500 | ||
|---|---|---|---|
| 001 | 14636 | ||
| 008 | 160829s1927 xx 000 0 cat d | ||
| 080 | |a L-2-20 | ||
| 100 | |a Vallès i Vidal, Emili |9 25551 | ||
| 245 | |a Pal·las : |b diccionari català - castellà - francès : |b amb vocabularis castellà - català i francès - català / per E. Vallès | ||
| 260 | |a Barcelona : |b Pal·las, |c 1927 | ||
| 300 | |a 1296 p. ; |c 25 cm | ||
| 590 | |a Notes, referències bibliogràfiques | ||
| 650 | |a Català |x Diccionaris |9 25552 | ||
| 650 | |a Francès |x Diccionaris |x Català |9 25553 | ||
| 650 | |a Castellà |x Diccionaris |x Català |9 25989 | ||
| 901 | |a Arxiu | ||
| 942 | |n 1 | ||
| 952 | |0 0 |1 0 |4 0 |6 L220 |7 1 |9 43674 |a Arxiu |b Arxiu |d 2016-12-01 |l 0 |o L-2-20 |p 14636 |r 2016-12-01 00:00:00 |w 2016-12-01 |y ARXIU | ||
| 999 | |c 46222 |d 46222 | ||